Világiho obrat

Čo Slovnaft a celú skupinu MOL naučila kríza. Prijatie nových zahraničných manažérov. Rozvoj petrochemického priemyslu. Predaj 50 percentnej produkcie na vlastných čerpacích staniciach. Ponuka nových služieb. Budovanie maloobchodnej siete. Inovácia čerpacích staníc. Ako udržať firmu v dobrej kondíci...

Ausführliche Beschreibung

Gespeichert in:
Bibliographische Detailangaben
1. Verfasser: Porubský, Juraj
Weitere Verfasser: Vavrová, Tatiana, Világi, Oszkár
Format: Buchkapitel
Sprache:Slowakisch
Schlagworte:
Tags: Tag hinzufügen
Keine Tags, Fügen Sie das erste Tag hinzu!

MARC

LEADER 00000naa a2200000 4500
001 0223647
005 20231013092033.9
041 0 |a slo 
044 |a SK 
245 1 0 |a Világiho obrat  |c Juraj Porubský, Tatiana Vavrová, Oszkár Világi 
520 |a Čo Slovnaft a celú skupinu MOL naučila kríza. Prijatie nových zahraničných manažérov. Rozvoj petrochemického priemyslu. Predaj 50 percentnej produkcie na vlastných čerpacích staniciach. Ponuka nových služieb. Budovanie maloobchodnej siete. Inovácia čerpacích staníc. Ako udržať firmu v dobrej kondícii. 
610 2 0 |a ropa 
610 2 0 |a petrochémia 
610 2 0 |a rafinérie 
610 2 0 |a manažment 
610 2 0 |a manažéri 
610 2 0 |a inovácia 
610 2 0 |a maloobchod 
610 2 0 |a služby 
610 2 0 |a spoločnosti akciové 
100 1 |a Porubský, Juraj 
700 1 |a Vavrová, Tatiana 
700 1 |a Világi, Oszkár